000 01090nam a22002777a 4500
999 _c21921
_d21921
003 AR-CdUCM
008 190220b ||||| |||| 00| 0 spa d
020 _a9786124392344
040 _aMUNICIPALIDAD PROVINCIAL DEL CUSCO
_cBIBLIOTECA MUNICIPAL DEL CUSCO
082 _a985.613/O63
_bO63
100 _aOrdoñez Santisteban, Rubén Francisco
_946851
245 _aMarcapata y el oro de los incas /
_cRubén Francisco Ordoñez Santisteban, Pancho Atar
260 _aCusco :
_bUniversidad Andina del Cusco,
_c2020.
300 _a394 páginas. :
_bilustraciones en color ;
_c24 cm.
505 _aContenido: Marcapata o el Valle de Cuchoa. -- El oro de Marcapata. -- El río Inambari. -- Grandes expediciones. -- Familias en el Valle del Oro. -- La minería ilegal en el Valle del Oro.
650 _aHistoria
_944925
650 _aFolklore
_946852
650 _aMinería
_9430
650 _aQuincemil
_946853
650 _aQuispicanchis
_99180
650 _aCusco
_9772
650 _aPerú
_944928
710 _aUniversidad Andina del Cusco
_9768
942 _2ddc
_cLIBROS
945 _aRoel